| 000 | 00829nam a2200265Ia 4500 | ||
|---|---|---|---|
| 003 | OSt | ||
| 005 | 20220918170722.0 | ||
| 006 | a|||||r|||| 00| 0 | ||
| 007 | ta | ||
| 008 | 220917b |||||||| |||| 00| 0 eng d | ||
| 020 |
_a9780415732543 (pbk) _c2624.51 |
||
| 024 | _a289,785 | ||
| 037 |
_b120, 19/03/2016, Mallika Books _cTextual |
||
| 040 |
_aARTS _cARTS _beng |
||
| 041 |
_2eng _aeng |
||
| 082 | _aP:795, Q6 | ||
| 100 |
_aAngelelli Claudia V. Ed. _930651 |
||
| 245 | 0 | _aResearching translationa and interpreting | |
| 260 |
_aLondon _bRoutledge UK _c2016 |
||
| 300 |
_axvii, 291p. _ccm. |
||
| 650 | _aLINGUISTICS | ||
| 700 |
_a Baer Brian James Ed. _930652 |
||
| 942 |
_hP:795, Q6 _cTEXL _2CC |
||
| 999 |
_c135354 _d135354 |
||